| 000 | 00589cam a22002173a 4500 | ||
|---|---|---|---|
| 001 | 45509 | ||
| 003 | PGUSA | ||
| 005 | 20140828084043.0 | ||
| 008 | 140427s2014||||xxu|||||s|||||000 | eng d | ||
| 040 |
_aPGUSA _beng |
||
| 042 | _adc | ||
| 100 | 1 |
_aHardy, Thomas, _d1840-1928 |
|
| 245 | 1 | 0 |
_aTessin tarina _h[electronic resource] / _cThomas Hardy |
| 260 |
_bProject Gutenberg, _c2014 |
||
| 506 | _aPublic domain in the USA. | ||
| 516 | _aElectronic text | ||
| 700 | 1 | _aHelve, Uuno | |
| 830 | 0 |
_aProject Gutenberg _v45509 |
|
| 856 | 4 | 0 | _uhttp://www.gutenberg.org/ebooks/45509 |
| 942 | _cEB | ||
| 999 |
_c274760 _d274760 |
||